| 000 | 00402cam a2200145ua 4500 | ||
|---|---|---|---|
| 020 | _a8185273685 | ||
| 020 | _a9788174767295 | ||
| 082 |
_a692.5 _bDUT/ES |
||
| 100 | _aDutta, B.N . | ||
| 245 | _aEstimating and costing in civil engineering : Theory and practice / | ||
| 250 | _a23 / 27 | ||
| 260 |
_aNew Delhi : _bU B S Publishers distributors Ltd , _c2007. _c2013 |
||
| 300 | _a904 ; . | ||
| 942 | _cBK | ||
| 999 |
_c1603 _d1603 |
||